000 004930000a22001810004500
003 MACL
005 20151027142540.0
008 151027b xxu||||| |||| 00| 0 eng d
040 _aMACL
_cMACL
041 _aEnglish
082 _a363/DHA
100 _aDhar, D N
_913567
245 _aKashmir's Accession to india
_bunravelling the truth
260 _bAravali books international
_c2009
_aNew Delhi
350 _a570
650 _asocial problem & services
_916941
942 _cBK
_k363/DHA
_2ddc
999 _c44457
_d44457